<?xml version="1.0" encoding="UTF-8"?>
<record
    xmlns:xsi="http://www.w3.org/2001/XMLSchema-instance"
    xsi:schemaLocation="http://www.loc.gov/MARC21/slim http://www.loc.gov/standards/marcxml/schema/MARC21slim.xsd"
    xmlns="http://www.loc.gov/MARC21/slim">

  <leader>00301nam a22001217a 4500</leader>
  <datafield tag="040" ind1=" " ind2=" ">
    <subfield code="c">DLC</subfield>
  </datafield>
  <datafield tag="082" ind1=" " ind2=" ">
    <subfield code="a"> FIR ACC 2019 C025 Or.</subfield>
  </datafield>
  <datafield tag="100" ind1=" " ind2=" ">
    <subfield code="a">Kingdom of Cambodia,2019</subfield>
  </datafield>
  <datafield tag="245" ind1=" " ind2=" ">
    <subfield code="a">Accelerting progress towards SDG2</subfield>
  </datafield>
  <datafield tag="260" ind1=" " ind2=" ">
    <subfield code="a">CAMBODIA </subfield>
    <subfield code="b">Phnom Penh</subfield>
    <subfield code="c">2019</subfield>
  </datafield>
  <datafield tag="300" ind1=" " ind2=" ">
    <subfield code="a">IV. 53P</subfield>
    <subfield code="e">28CM</subfield>
  </datafield>
  <datafield tag="942" ind1=" " ind2=" ">
    <subfield code="c">AEDBB</subfield>
  </datafield>
  <datafield tag="999" ind1=" " ind2=" ">
    <subfield code="c">22409</subfield>
    <subfield code="d">22409</subfield>
  </datafield>
  <datafield tag="952" ind1=" " ind2=" ">
    <subfield code="0">0</subfield>
    <subfield code="1">0</subfield>
    <subfield code="4">0</subfield>
    <subfield code="6">FIR_ACC_2019_000000000000000_C025_OR</subfield>
    <subfield code="7">0</subfield>
    <subfield code="9">96752</subfield>
    <subfield code="a">LBC</subfield>
    <subfield code="b">LBC</subfield>
    <subfield code="c">C025</subfield>
    <subfield code="d">2023-12-20</subfield>
    <subfield code="o">FIR ACC 2019 C025 Or.</subfield>
    <subfield code="p">a075043</subfield>
    <subfield code="r">2023-12-20</subfield>
    <subfield code="w">2023-12-20</subfield>
    <subfield code="y">AEDBB</subfield>
  </datafield>
  <datafield tag="952" ind1=" " ind2=" ">
    <subfield code="0">0</subfield>
    <subfield code="1">0</subfield>
    <subfield code="4">0</subfield>
    <subfield code="6">FIR_ACC_2019_000000000000000_C025_OR</subfield>
    <subfield code="7">0</subfield>
    <subfield code="9">96753</subfield>
    <subfield code="a">LBC</subfield>
    <subfield code="b">LBC</subfield>
    <subfield code="c">C025</subfield>
    <subfield code="d">2023-12-20</subfield>
    <subfield code="o">FIR ACC 2019 C025 Or.</subfield>
    <subfield code="p">a075035</subfield>
    <subfield code="r">2023-12-20</subfield>
    <subfield code="y">AEDBB</subfield>
  </datafield>
  <datafield tag="952" ind1=" " ind2=" ">
    <subfield code="0">0</subfield>
    <subfield code="1">0</subfield>
    <subfield code="4">0</subfield>
    <subfield code="6">FIR_ACC_2019_000000000000000_C025_OR</subfield>
    <subfield code="7">0</subfield>
    <subfield code="9">96754</subfield>
    <subfield code="a">LBC</subfield>
    <subfield code="b">LBC</subfield>
    <subfield code="c">C025</subfield>
    <subfield code="d">2023-12-20</subfield>
    <subfield code="o">FIR ACC 2019 C025 Or.</subfield>
    <subfield code="p">a075051</subfield>
    <subfield code="r">2023-12-20</subfield>
    <subfield code="y">AEDBB</subfield>
  </datafield>
  <datafield tag="952" ind1=" " ind2=" ">
    <subfield code="0">0</subfield>
    <subfield code="1">0</subfield>
    <subfield code="4">0</subfield>
    <subfield code="6">FIR_ACC_2019_000000000000000_C025_OR</subfield>
    <subfield code="7">0</subfield>
    <subfield code="9">96755</subfield>
    <subfield code="a">LBC</subfield>
    <subfield code="b">LBC</subfield>
    <subfield code="c">C025</subfield>
    <subfield code="d">2023-12-20</subfield>
    <subfield code="o">FIR ACC 2019 C025 Or.</subfield>
    <subfield code="p">a075031</subfield>
    <subfield code="r">2023-12-20</subfield>
    <subfield code="y">AEDBB</subfield>
  </datafield>
  <datafield tag="952" ind1=" " ind2=" ">
    <subfield code="0">0</subfield>
    <subfield code="1">0</subfield>
    <subfield code="4">0</subfield>
    <subfield code="6">FIR_ACC_2019_000000000000000_C025_OR</subfield>
    <subfield code="7">0</subfield>
    <subfield code="9">96756</subfield>
    <subfield code="a">LBC</subfield>
    <subfield code="b">LBC</subfield>
    <subfield code="c">C025</subfield>
    <subfield code="d">2023-12-20</subfield>
    <subfield code="o">FIR ACC 2019 C025 Or.</subfield>
    <subfield code="p">a075047</subfield>
    <subfield code="r">2023-12-20</subfield>
    <subfield code="y">AEDBB</subfield>
  </datafield>
  <datafield tag="952" ind1=" " ind2=" ">
    <subfield code="0">0</subfield>
    <subfield code="1">0</subfield>
    <subfield code="4">0</subfield>
    <subfield code="6">FIR_ACC_2019_000000000000000_C025_OR</subfield>
    <subfield code="7">0</subfield>
    <subfield code="9">96757</subfield>
    <subfield code="a">LBC</subfield>
    <subfield code="b">LBC</subfield>
    <subfield code="c">C025</subfield>
    <subfield code="d">2023-12-20</subfield>
    <subfield code="o">FIR ACC 2019 C025 Or.</subfield>
    <subfield code="p">a075027</subfield>
    <subfield code="r">2023-12-20</subfield>
    <subfield code="y">AEDBB</subfield>
  </datafield>
  <datafield tag="952" ind1=" " ind2=" ">
    <subfield code="0">0</subfield>
    <subfield code="1">0</subfield>
    <subfield code="4">0</subfield>
    <subfield code="6">FIR_ACC_2019_000000000000000_C025_OR</subfield>
    <subfield code="7">0</subfield>
    <subfield code="9">96758</subfield>
    <subfield code="a">LBC</subfield>
    <subfield code="b">LBC</subfield>
    <subfield code="c">C025</subfield>
    <subfield code="d">2023-12-20</subfield>
    <subfield code="o">FIR ACC 2019 C025 Or.</subfield>
    <subfield code="p">a074991</subfield>
    <subfield code="r">2023-12-20</subfield>
    <subfield code="y">AEDBB</subfield>
  </datafield>
</record>
